Loading...
| Literature - European | 2 | 2 | 0 | 1 | 50 | 80 | 106.75 | 0 | 1 | 0.00 | 0.00 |
| Fine Arts - Classical Music and Opera | 0 | 5 | 1 | 0 | 45 | 106 | 122.40 | 0 | 0 | 0.00 | 0.00 |
| Literature - World | 1 | 2 | 1 | 2 | 30 | 86 | 109.67 | 0 | 1 | 0.00 | 0.00 |
| Fine Arts - Other Arts | 1 | 1 | 0 | 0 | 25 | 77 | 92.00 | 0 | 1 | 0.00 | 0.00 |
| Literature - American | 1 | 1 | 0 | 0 | 25 | 39 | 80.50 | 1 | 1 | 0.00 | 0.00 |
| Literature - British | 1 | 2 | 2 | 0 | 25 | 51 | 112.00 | 0 | 1 | 0.00 | 0.00 |
| Beliefs | 0 | 2 | 0 | 2 | 20 | 131 | 134.50 | 0 | 0 | 0.00 | 0.00 |
| Philosophy | 0 | 2 | 0 | 2 | 20 | 123 | 131.50 | 0 | 0 | 0.00 | 0.00 |
| Science - Biology | 1 | 0 | 0 | 0 | 15 | 68 | 68.00 | 0 | 1 | 0.00 | 0.00 |
| Visual Arts | 0 | 2 | 2 | 1 | 10 | 99 | 115.00 | 0 | 1 | 0.00 | 0.00 |
| Modern World | 0 | 1 | 0 | 0 | 10 | 105 | 105.00 | 0 | 0 | 0.00 | 0.00 |
| Science - Other | 0 | 1 | 0 | 0 | 10 | 83 | 83.00 | 0 | 0 | 0.00 | 0.00 |
| Science - Chemistry | 0 | 1 | 0 | 0 | 10 | 117 | 117.00 | 0 | 0 | 0.00 | 0.00 |
| History - European | 0 | 1 | 0 | 1 | 10 | 136 | 136.00 | 0 | 0 | 0.00 | 0.00 |
| Social Science | 0 | 0 | 1 | 0 | -5 | 0.00 | 0 | 0 | 0.00 | 0.00 |